ドラゴンクエストV(DQ5) 雑魚モンスター - Statistics

General Stats
  • This quiz has been taken 126 times
  • The average score is 57 of 202
Answer Stats
ID Answer % Correct
001 スライム
100%
043 メタルスライム
80%
065 はぐれメタル
76%
004 ドラキー
74%
091 キングスライム
74%
030 ホイミスライム
71%
144 メタルキング
70%
037 スライムナイト
69%
123 ゴーレム
63%
165 キラーマシン
61%
075 キラーパンサー
60%
088 ベホマスライム
60%
130 スライムベホマズン
59%
005 おおきづち
54%
163 グレイトドラゴン
54%
010 バブルスライム
51%
079 キメラ
50%
083 ばくだんいわ
50%
146 アンクルホーン
50%
024 ドラキーマ
49%
039 ブラウニー
49%
143 メガザルロック
49%
018 まほうつかい
47%
178 ヘルバトラー
47%
062 さまようよろい
46%
090 オーク
44%
181 しびれくらげ
44%
008 ガップリン
43%
047 くさったしたい
43%
053 ドラゴンキッズ
43%
061 メタルライダー
41%
150 ホークブリザード
40%
153 ゴールデンゴーレム
40%
170 ギガンテス
40%
025 ゴースト
39%
040 エビルアップル
39%
064 ドロヌーバ
39%
102 ストーンマン
39%
105 メイジキメラ
39%
003 せみもぐら
37%
078 ミミック
37%
087 おどるほうせき
37%
109 オークキング
37%
092 ほのおのせんし
36%
026 おばけキャンドル
34%
125 ひくいどり
34%
154 メタルドラゴン
34%
158 レッドイーター
34%
159 ブルーイーター
34%
002 とげぼうず
33%
050 ひとくいばこ
33%
077 メタルハンター
33%
007 グリーンワーム
31%
038 わらいぶくろ
31%
041 ばくだんベビー
31%
168 ライオネック
31%
195 コロヒーロー
31%
085 まものつかい
30%
196 コロファイター
30%
198 コロマージ
30%
199 プチヒーロー
30%
200 プチファイター
30%
202 プチマージ
30%
033 ベビーニュート
29%
049 イエティ
29%
104 メッサーラ
29%
127 ブリザードマン
29%
129 ネクロマンサー
29%
151 ブラックドラゴン
29%
179 セルゲイナス
29%
197 コロプリースト
29%
201 プチプリースト
29%
011 おおねずみ
27%
014 メラリザード
27%
017 スピニー
27%
058 ビックアイ
27%
071 とつげきへい
27%
107 ジェリーマン
27%
166 バズズ
27%
180 プクプク
27%
023 おばけねずみ
26%
032 ダンスニードル
26%
094 ケムケムベス
26%
161 アークデーモン
26%
174 ワイトキング
26%
012 スカルサーペント
24%
028 アルミラージ
24%
034 トンネラー
24%
035 どぐうせんし
24%
051 ガメゴン
24%
072 リビングデッド
24%
093 ツボック
24%
095 まほうじじい
24%
100 ミニデーモン
24%
114 アームライオン
24%
140 シルバーデビル
24%
160 ムーンフェイス
24%
175 ゴルバ
24%
176 ガルバ
24%
177 メカバーン
24%
021 ナイトウイプス
23%
057 エンプーサ
23%
086 マドルーパー
23%
096 ドラゴンマッド
23%
097 しにがみへい
23%
101 パオーム
23%
116 エリミネーター
23%
126 ケンタラウス
23%
147 へびておとこ
23%
162 エビルスピリッツ
23%
167 れんごくちょう
23%
182 たまてがい
23%
187 ゆうれいせんちょう
23%
006 いっかくウサギ
21%
009 くびながイタチ
21%
015 プリズニャン
21%
019 サボテンボール
21%
044 ピッキー
21%
052 まどうし
21%
054 さんぞくウルフ
21%
055 クックルー
21%
060 エビルプラント
21%
066 ミステリドール
21%
080 へびこうもり
21%
084 ランスアーミー
21%
103 ダックカイト
21%
117 バルーン
21%
137 イズライール
21%
184 マーマン
21%
191 ネーレウス
21%
020 ラーバキング
20%
027 がいこつへい
20%
108 のろいのマスク
20%
111 シールドヒッポ
20%
112 ホークマン
20%
118 デンタザウルス
20%
133 ガーゴイル
20%
141 ラムポーン
20%
157 エビルマスター
20%
169 ガメゴンロード
20%
016 マッドプラント
19%
029 カパーラナーガ
19%
031 わらいぐさ
19%
059 あくまのツボ
19%
081 ベロゴン
19%
098 デッドエンペラー
19%
099 リントブルム
19%
119 ガネーシャ
19%
131 じゃしんのへいたい
19%
134 ソルジャーブル
19%
135 サターンヘルム
19%
156 シュプリンガー
19%
173 マヌハーン
19%
185 プチイール
19%
186 シードッグ
19%
188 キラーシェル
19%
190 しんかいりゅう
19%
042 ガスミンク
17%
069 パペットマン
17%
074 ホースデビル
17%
082 ダークマンモス
17%
089 ガスダンゴ
17%
106 ベロゴンロード
17%
115 マムー
17%
121 シャドーサタン
17%
122 マドハンド
17%
124 リザードマン
17%
136 グレイトマムー
17%
138 サウルスロード
17%
148 グレンデル
17%
193 キャプテンクック
17%
048 アウルベアー
16%
056 インスペクター
16%
063 モーザ
16%
067 デスパロット
16%
068 ビッグスロース
16%
070 デススパーク
16%
142 ドラゴンゾンビ
16%
145 オーガヘッド
16%
149 バルバロッサ
16%
152 バザックス
16%
155 あくましんかん
16%
171 フレアドラゴン
16%
013 つちわらし
14%
036 ダークアイ
14%
045 おばけキノコ
14%
046 ともしびこぞう
14%
076 グレゴール
14%
113 デビルダンサー
14%
120 ボスガルム
14%
139 りゅうせんし
14%
110 ガボット
13%
132 ビヒーモス
13%
164 ダークシャーマン
13%
172 スカルドン
13%
183 オクトリーチ
11%
192 マーマンダイン
11%
194 グロンテプス
11%
073 スモールグール
10%
189 マザーオクト
10%
022 スカンカー
9%
128 ゾンビナイト
7%
No matching quizzes found
Score Distribution
Percent of People with Each Score
Percentile by Number Answered
Your Score History
You have not taken this quiz